Dig deep (Record no. 70900)
[ view plain ]
| 000 -LEADER | |
|---|---|
| fixed length control field | 01132cam a2200217 4500 |
| 008 - FIXED-LENGTH DATA ELEMENTS--GENERAL INFORMATION | |
| fixed length control field | 020805n2002 000 0 eng u |
| 035 ## - SYSTEM CONTROL NUMBER | |
| System control number | (Sirsi) u119186 |
| 100 ## - MAIN ENTRY--PERSONAL NAME | |
| Personal name | Barrie, G |
| 245 ## - TITLE STATEMENT | |
| Title | Dig deep |
| 260 ## - PUBLICATION, DISTRIBUTION, ETC. | |
| Date of publication, distribution, etc. | 2002 |
| 490 ## - SERIES STATEMENT | |
| Series statement | Property Week |
| Volume/sequential designation | 67(28) 19 July 2002, 26-28 (3) |
| 520 ## - SUMMARY, ETC. | |
| Summary, etc. | Discusses the relationship between property developers and the archaeologists who excavate and document their construction sites. It is estimated that developers have spent £200m on archaeology over the past decade but the end of the development boom has caused severe retrenchment in archaeological services dependant on income from developers. Key archaeological organisations do not favour being tied to government\public sector funding as this would compromise their independence. The revision of PPG16 might give archaelogists more security and importance but funding remains a problem. |
| 590 ## - LOCAL NOTE (RLIN) | |
| Local note | AB |
| 650 ## - SUBJECT ADDED ENTRY--TOPICAL TERM | |
| Topical term or geographic name entry element | ARCHAEOLOGY |
| 650 ## - SUBJECT ADDED ENTRY--TOPICAL TERM | |
| Topical term or geographic name entry element | EXCAVATIONS |
| 650 ## - SUBJECT ADDED ENTRY--TOPICAL TERM | |
| Topical term or geographic name entry element | MUSEUM OF LONDON ARCHAEOLOGY SERVICE |
| 650 ## - SUBJECT ADDED ENTRY--TOPICAL TERM | |
| Topical term or geographic name entry element | PPG16 |
| 650 ## - SUBJECT ADDED ENTRY--TOPICAL TERM | |
| Topical term or geographic name entry element | DEVELOPMENT SITES |
| 690 ## - LOCAL SUBJECT ADDED ENTRY--TOPICAL TERM (OCLC, RLIN) | |
| Topical term or geographic name as entry element | PROPERTY-PROPERTY DEVELOPMENT |
| 942 ## - ADDED ENTRY ELEMENTS (KOHA) | |
| Suppress in OPAC | 0 |
| Withdrawn status | Lost status | Source of classification or shelving scheme | Damaged status | Not for loan | Home library | Current library | Shelving location | Date acquired | Total Checkouts | Barcode | Date last seen | Copy number | Price effective from | Koha item type |
|---|---|---|---|---|---|---|---|---|---|---|---|---|---|---|
| Dewey Decimal Classification | London | London | Journal article | 05/08/2002 | 119186-1001 | 06/08/2019 | 1 | 06/08/2019 | Journal article |